Loading...
| Fine Arts - Auditory Fine Arts | 2 | 25.00 | 100% | 100% | 50% |
| Fine Arts - Visual Fine Arts | 4 | 7.50 | 50% | 25% | 0% |
| Geography | 3 | 13.33 | 100% | 33% | 0% |
| History - American History | 1 | 10.00 | 0% | 100% | 0% |
| History - Ancient History | 2 | 10.00 | 50% | 50% | 0% |
| History - European History | 1 | 20.00 | 100% | 100% | 0% |
| History - World History | 3 | 6.67 | 67% | 0% | 0% |
| Literature - British Literature | 1 | 10.00 | 100% | 0% | 0% |
| Literature - European Literature | 3 | 13.33 | 100% | 33% | 0% |
| Literature - World Literature | 2 | 15.00 | 100% | 50% | 0% |
| Philosophy | 3 | 10.00 | 67% | 33% | 0% |
| Science - Biology | 2 | 10.00 | 100% | 0% | 0% |
| Science - Chemistry | 2 | 5.00 | 50% | 0% | 0% |
| Science - Other Science | 2 | 10.00 | 50% | 50% | 0% |
| Science - Physics | 2 | 20.00 | 100% | 100% | 0% |
| Social Science | 3 | 16.67 | 100% | 67% | 0% |